书目信息 |
| 题名: |
古代诗文解说
|
|
| 作者: | 陈万山 , 郭志超 编著 | |
| 分册: | ||
| 出版信息: | 广州 花城出版社 1984 |
|
| 页数: | 520页 | |
| 开本: | 19cm | |
| 丛书名: | ||
| 单 册: | ||
| 中图分类: | H194.5 , H159 | |
| 科图分类: | ||
| 主题词: | 语文--高中--教学参考资料 , 汉语--翻译 | |
| 电子资源: | ||
| ISBN: | ||
| 000 | 00647nam0 2200241 45 | |
| 001 | 1551142721 | |
| 005 | 20150129184038.33 | |
| 010 | @dCNY1.50 | |
| 100 | @a19951022d1984 em y0chiy0121 ea | |
| 101 | 0 | @achi |
| 102 | @aCN@b440000 | |
| 105 | @ay z 000yy | |
| 200 | 10 | @a古代诗文解说@Agu dai shi wen jie shuo@f陈万山,郭志超编著 |
| 210 | @a广州@c花城出版社@d1984 | |
| 215 | @a520页@d19cm | |
| 606 | @a语文@x高中@x教学参考资料 | |
| 606 | 0 | @a汉语@x翻译 |
| 690 | @aH194.5@v3 | |
| 690 | @aH159@v4 | |
| 701 | 0 | @a陈万山@4编著@Achen wan shan |
| 701 | 0 | @a郭志超@4编著@Aguo zhi chao |
| 801 | 0 | @aCN@bTSSF@c20150129 |
| 905 | @aZUCC@dH159@eJY63 | |
| 古代诗文解说/陈万山,郭志超编著.-广州:花城出版社,1984 |
| 520页;19cm |
| ISBN :CNY1.50 |
| ● |
| 相关链接 |
|
|
|
|
正题名:古代诗文解说
索取号:H159/JY63
 
预约/预借
| 序号 | 登录号 | 条形码 | 馆藏地/架位号 | 状态 | 备注 |
| 1 | 7850198 | 278501989 | 学院路分馆/ [索取号:H159/JY63] | 在馆 | |
| 2 | 7850199 | 278501998 | 学院路分馆/ [索取号:H159/JY63] | 在馆 |